The upper atmosphere and solar-terrestrial relations (Record no. 7998)

MARC details
000 -LEADER
fixed length control field 00631nam a2200181Ia 4500
003 - CONTROL NUMBER IDENTIFIER
control field IN-BaIIA
008 - FIXED-LENGTH DATA ELEMENTS--GENERAL INFORMATION
fixed length control field 211028s9999 xx 000 0 eng d
020 ## - INTERNATIONAL STANDARD BOOK NUMBER
International Standard Book Number 0-442-302169
040 ## - CATALOGING SOURCE
Transcribing agency IIA Library
080 ## - UNIVERSAL DECIMAL CLASSIFICATION NUMBER
Universal Decimal Classification number 551.510.5
Item number HAR
100 ## - MAIN ENTRY--PERSONAL NAME
Personal name Hargreaves, J. K.
9 (RLIN) 13488
245 #4 - TITLE STATEMENT
Title The upper atmosphere and solar-terrestrial relations
Remainder of title an introduction to the aerospace eniveronment
Statement of responsibility, etc. J. K. Hargreaves
260 ## - PUBLICATION, DISTRIBUTION, ETC.
Place of publication, distribution, etc. New York
Name of publisher, distributor, etc. Van Nostrand Reinhold
Date of publication, distribution, etc. 1979
300 ## - PHYSICAL DESCRIPTION
Extent xv, 298p.
650 ## - SUBJECT ADDED ENTRY--TOPICAL TERM
Topical term or geographic name entry element Aerospace eniveronment
9 (RLIN) 13489
650 ## - SUBJECT ADDED ENTRY--TOPICAL TERM
Topical term or geographic name entry element Solar - terrestrial relations
9 (RLIN) 3191
942 ## - ADDED ENTRY ELEMENTS (KOHA)
Koha item type Books
Holdings
Withdrawn status Lost status Damaged status Not for loan Home library Current library Shelving location Date acquired Total Checkouts Full call number Barcode Date last seen Price effective from Koha item type Purchase Price
        IIA Library-Bangalore IIA Library-Bangalore General Stacks 15/11/1984   551.510.5/ HAR 8822 05/11/2021 15/11/1984 Books £ 9.95

Powered by Koha